000 00464nam a2200217Ia 4500
001 12140
003 GE_BSU
008 181216s||||||||xx |||||||||||||| ||und||
020 _a978052129410
040 _cGE_BSU
080 _a165.741
100 _aLevinson,Stephen C.
245 _aPragmatics.
260 _aCambridge.
260 _bUniversity Press.
260 _c2012
300 _a420p.23cm.
541 _h99ლ.
653 _aPragmatics.
942 _cBK
999 _c45316
_d45316